Statistics for 2024 Presidential Candidates

Click here to take the quiz!

General Stats

  • This quiz has been taken 13 times
  • The average score is 10 of 12

Answer Stats

Answer% Correct
Donald Trump
100%
Joe Biden
100%
Chris Christie
92%
Mike Pence
92%
Nikki Haley
92%
Ron DeSantis
92%
Asa Hutchinson
75%
Doug Burgum
75%
Tim Scott
75%
Vivek Ramaswamy
75%
Dean Phillips
67%
Marianne Williamson
67%

Score Distribution

Percentile by Number Answered

Percent of People with Each Score

Your Score History

You have not taken this quiz